000
00305nam a2200121Ia 4500
008
230907s9999||||xx |||||||||||||| ||und||
082
_a
512.9
_b
AUF
100
_a
Aufmann, Richard N.
_9
116112
245
0
_a
Prealgebra /
300
_a
650 p. (various pagings) :
650
_a
Textbooks.
_9
8511
942
_c
BK
999
_c
601084
_d
601084